[Event "Mecklenburg VP-ch U16"]
[Site "Malchow"]
[Date "2015.02.??"]
[Round "7.7"]
[White "Decker, Lutz"]
[Black "Tackmann, Lars Erik"]
[Result "0-1"]
[WhiteElo "1057"]
[BlackElo "1294"]
[PlyCount "126"]
[EventDate "2015.02.04"]
[EventType "swiss"]
[EventRounds "7"]
[EventCountry "GER"]
[SourceTitle "EXT 2022"]
[Source "ChessBase"]
[SourceDate "2021.10.06"]
[SourceVersion "1"]
[SourceVersionDate "2021.10.06"]
[SourceQuality "1"]

1. b4 e5 2. Bb2 d6 3. e4 a6 4. Bc4 Nf6 5. d3 g6 6. Nd2 Bg7 7. Ngf3 0-0 8. 0-0 Bh6 9. Re1 Re8 10. c3 Be6 11. Qb3 b5 12. Bxe6 Rxe6 13. d4 c6 14. d5 cxd5 15. exd5 Re7 16. c4 bxc4 17. Qxc4 Rc7 18. Qh4 Bxd2 19. Nxd2 Rc2 20. Ne4 Nbd7 21. Nxf6+ Qxf6 22. Qxf6 Nxf6 23. Ba3 Rc3 24. Bb2 Rd3 25. Red1 Rxd5 26. Rxd5 Nxd5 27. Rd1 Nxb4 28. Rxd6 Nxa2 29. Bxe5 Re8 30. f4 Nb4 31. Bc3 a5 32. Bxb4 axb4 33. Rb6 Re4 34. g3 Kg7 35. Kg2 Re2+ 36. Kh3 Rb2 37. g4 b3 38. Kg3 Kf8 39. h4 Rb1 40. Kg2 Ke7 41. Kf2 Kd8 42. Ke2 b2 43. Kd2 Kc7 44. Rb3 Rh1 45. Rxb2 Rxh4 46. g5 Rxf4 47. Ke3 Rf5 48. Rg2 Kd6 49. Ke4 Ke6 50. Rg3 f6 51. gxf6 Kxf6 52. Rh3 h5 53. Rh2 Rf1 54. Ke3 Kg5 55. Rg2+ Kh6 56. Ke2 Rf8 57. Rf2 Rxf2+ 58. Kxf2 g5 59. Kg3 Kg6 60. Kh3 Kf5 61. Kg3 Ke4 62. Kh3 Kf3 63. Kh2 Kf2 0-1

[Event "Mecklenburg VP-ch U16"]
[Site "Malchow"]
[Date "2015.02.??"]
[Round "6.9"]
[White "Tackmann, Lars Erik"]
[Black "Wolfgramm, Theo"]
[Result "1-0"]
[WhiteElo "1294"]
[BlackElo "1140"]
[PlyCount "85"]
[EventDate "2015.02.04"]
[EventType "swiss"]
[EventRounds "7"]
[EventCountry "GER"]
[SourceTitle "EXT 2022"]
[Source "ChessBase"]
[SourceDate "2021.10.06"]
[SourceVersion "1"]
[SourceVersionDate "2021.10.06"]
[SourceQuality "1"]

1. e4 e6 2. d4 d5 3. exd5 exd5 4. Nf3 Bd6 5. Bd3 Bg4 6. Qe2+ Ne7 7. h3 Bxf3 8. Qxf3 Nd7 9. Nc3 c6 10. Bf4 Qc7 11. Bxd6 Qxd6 12. 0-0 0-0-0 13. Qxf7 Rdf8 14. Qh5 Kb8 15. Ne2 Ng6 16. Qg5 Rf6 17. Qg3 Qxg3 18. Nxg3 Re8 19. Rae1 Rfe6 20. Rxe6 Rxe6 21. Bf5 Re7 22. Bxd7 Rxd7 23. Re1 Kc7 24. Re8 Nh4 25. f3 g6 26. Kf2 Kb6 27. Ne2 c5 28. dxc5+ Kxc5 29. Rc8+ Kd6 30. g4 g5 31. Nd4 a6 32. Re8 Kc5 33. Ne6+ Kc4 34. Nxg5 d4 35. Re4 h6 36. Ne6 Ng6 37. Kg3 Rd5 38. Nf4 Nxf4 39. Kxf4 Ra5 40. c3 Rxa2 41. Rxd4+ Kc5 42. Rd2 Ra1 43. Kf5 1-0

[Event "Mecklenburg VP-ch U14"]
[Site "Malchow"]
[Date "2014.02.04"]
[Round "6"]
[White "Tackmann, Lars Erik"]
[Black "Bollnow, Alex"]
[Result "1-0"]
[WhiteElo "1183"]
[BlackElo "1337"]
[PlyCount "55"]
[EventDate "2014.02.01"]
[EventType "swiss"]
[EventRounds "7"]
[EventCountry "GER"]
[SourceTitle "EXT 2017"]
[Source "ChessBase"]
[SourceDate "2016.10.25"]
[SourceVersion "1"]
[SourceVersionDate "2016.10.25"]
[SourceQuality "1"]

1. e4 c5 2. Nf3 Nc6 3. d4 cxd4 4. Nxd4 g6 5. Be3 Bg7 6. Nc3 Nf6 7. f3 0-0 8. Qd2 a5 9. 0-0-0 d5 10. Nxd5 Nxd5 11. Nxc6 bxc6 12. exd5 Rb8 13. Bd4 Qxd5 14. b3 Be6 15. Bc4 Qxd4 16. Qxd4 Bxd4 17. Rxd4 Bxc4 18. Rxc4 Rfc8 19. Re1 e6 20. Re5 Kg7 21. Rxa5 Rb6 22. Rac5 Kf6 23. b4 Ke7 24. b5 Kd7 25. a4 f6 26. Rxc6 Rbxc6 27. Rxc6 Ra8 28. Ra6 1-0

[Event "Mecklenburg VP-ch U14"]
[Site "Malchow"]
[Date "2014.02.03"]
[Round "4"]
[White "Tackmann, Lars Erik"]
[Black "Sadewasser, Lucie"]
[Result "1-0"]
[WhiteElo "1183"]
[BlackElo "1542"]
[PlyCount "35"]
[EventDate "2014.02.01"]
[EventType "swiss"]
[EventRounds "7"]
[EventCountry "GER"]
[SourceTitle "EXT 2017"]
[Source "ChessBase"]
[SourceDate "2016.10.25"]
[SourceVersion "1"]
[SourceVersionDate "2016.10.25"]
[SourceQuality "1"]

1. e4 d6 2. d4 Nf6 3. Nc3 g6 4. Bc4 Bg7 5. Be3 a6 6. f3 b5 7. Bb3 c6 8. Qd2 0-0 9. 0-0-0 a5 10. a3 a4 11. Ba2 Ba6 12. g4 Nbd7 13. h4 Rb8 14. h5 c5 15. dxc5 Nxc5 16. hxg6 hxg6 17. Qh2 Qb6 18. Nd5 1-0

[Event "Mecklenburg VP-ch U14"]
[Site "Malchow"]
[Date "2014.02.01"]
[Round "1"]
[White "Schumacher, Ole"]
[Black "Tackmann, Lars Erik"]
[Result "1/2-1/2"]
[WhiteElo "1344"]
[BlackElo "1183"]
[PlyCount "106"]
[EventDate "2014.02.01"]
[EventType "swiss"]
[EventRounds "7"]
[EventCountry "GER"]
[SourceTitle "EXT 2017"]
[Source "ChessBase"]
[SourceDate "2016.10.25"]
[SourceVersion "1"]
[SourceVersionDate "2016.10.25"]
[SourceQuality "1"]

1. e4 c5 2. Nf3 Nc6 3. d4 cxd4 4. Nxd4 Nf6 5. Nc3 g6 6. Be3 Bg7 7. f3 0-0 8. Bc4 a6 9. Qd2 b5 10. Bb3 Nxd4 11. Bxd4 d6 12. h4 Rb8 13. g4 a5 14. a4 bxa4 15. Nxa4 Rb4 16. Bc3 Nxe4 17. fxe4 Rxe4+ 18. Kf2 Bxc3 19. Qxc3 Bxg4 20. Rae1 Rxe1 21. Rxe1 e6 22. Kg3 Bh5 23. Qd4 Qc7 24. Qb6 Qxb6 25. Nxb6 Rb8 26. Nc4 a4 27. Bxa4 d5 28. Rb1 dxc4 29. b4 cxb3 30. cxb3 Be2 31. b4 Bc4 32. b5 Rb6 33. Kf4 Kf8 34. Ke5 Ke7 35. Kd4 Bxb5 36. Bxb5 Kd6 37. Rb3 e5+ 38. Ke4 f5+ 39. Ke3 Kc5 40. Bc4 Rd6 41. Bg8 h5 42. Rc3+ Kb4 43. Rc7 Rd4 44. Bf7 Rd6 45. Re7 Rf6 46. Be8 f4+ 47. Kf3 Kc5 48. Rxe5+ Kd6 49. Re4 Kd5 50. Rxf4 Ke5 51. Rxf6 Kxf6 52. Kf4 Kg7 53. Bd7 Kf6 1/2-1/2

[Event "Mecklenburg VP-ch U12"]
[Site "Malchow"]
[Date "2011.02.14"]
[Round "6.4"]
[White "Schluckner, Paul Leopold"]
[Black "Tackmann, Lars Erik"]
[Result "1/2-1/2"]
[WhiteElo "988"]
[BlackElo "912"]
[PlyCount "95"]
[EventDate "2011.02.14"]
[EventType "swiss"]
[EventRounds "7"]
[EventCountry "GER"]
[SourceTitle "EXT 2022"]
[Source "ChessBase"]
[SourceDate "2021.10.06"]
[SourceVersion "1"]
[SourceVersionDate "2021.10.06"]
[SourceQuality "1"]

1. e4 e5 2. Nf3 Nc6 3. Nc3 Bc5 4. Bc4 Nf6 5. d3 d6 6. 0-0 0-0 7. Be3 Bxe3 8. fxe3 Ng4 9. Qe1 Nb4 10. Bb3 Be6 11. Qe2 Bxb3 12. cxb3 Qf6 13. h3 Nh6 14. a3 Nc6 15. b4 Ne7 16. Nh2 Qe6 17. Qc2 d5 18. exd5 Nxd5 19. Nxd5 Qxd5 20. e4 Qd4+ 21. Kh1 c6 22. Nf3 Qd6 23. Nh2 Rad8 24. Rad1 b6 25. Rf3 c5 26. bxc5 Qxc5 27. Qd2 Rc8 28. Rdf1 Qc2 29. Qxc2 Rxc2 30. R3f2 Rfc8 31. Kg1 R8c6 32. Rxc2 Rxc2 33. Rf2 Rxf2 34. Kxf2 f6 35. Nf3 Nf7 36. Nd2 Nd6 37. Nc4 Nxc4 38. dxc4 Kf7 39. Ke3 g5 40. g4 Kg6 41. b4 Kf7 42. a4 Ke7 43. Kd3 Kd6 44. Kc3 Kc6 45. Kd3 a6 46. Kc3 h6 47. Kb3 a5 48. b5+ 1/2-1/2